Atlas Básico de Fósseis e Minerais (Registo nº 720)

Detalhes MARC
000 -Etiqueta do registo
Cabeçalho 00687nam0a22003011 4500
005 - Identificador da versão
Campo de controlo 20240813121810.0
010 ## - Número internacional normalizado dos livros (ISBN)
Número (ISBN) 9726506166
021 ## - Número do Depósito Legal
Código do país PT
Número 2466-0104
035 ## - Other System Control Numbers
System Control Number 0000750
System Control Number 0000745
System Control Number 0000745
System Control Number 0000733
100 ## - Dados gerais de processamento
Dados gerais de processamento 20070927d2004 a e0pory5003 ba
102 ## - Pais de publicação ou produção
País de publicação Portugal
101 1# - Língua de publicação
Língua do texto, banda sonora, etc. Português
Língua do documento no original Espanhol
106 ## - Campo de dados codificados: material textual
Dados codificados do material textual r
105 ## - Campo de dados codificados: livros
Dados codificados dos livros a z 001yy
215 ## - Descrição física 
Indicação específica da natureza do documento e extensão da espécie 96 p.
Outras indicações físicas il
Dimensões cm
200 1# - Titulo e menção de responsabilidade
Título próprio Atlas Básico de Fósseis e Minerais
Primeira menção de responsabilidade Mário Cachão
225 2# - Colecção 
Título próprio da colecção Atlas
Indicação de volume 8
205 ## - Menção da edição
Menção da edição 1ª ed
210 ## - Publicação, Distribuição, etc. 
Lugar da edição, distribuição, etc. Lisboa
Nome do editor, distribuidor, etc. Plátano
Data da publicação, distribuição, etc. 2004
675 ## - Classificação Decimal Universal (CDU)
Notação 55
Língua da edição por
700 #1 - Nome de autor-pessoa física (responsabilidade principal)
Número de registo de entrada de autoridade 0000969
Palavra de ordem Cachão
942 ## - Elementos de entrada adicionados (Koha)
Tipo de item no Koha Livro
Exemplares
Situação do levantamento Origin of item (home branch) (coded) Biblioteca de empréstimo Código de barras Circulation type (not for loan) Tipo de documento Nota do exemplar Damaged status
  Biblioteca Escolar Eng. Nuno Mergulhão Biblioteca Escolar Eng. Nuno Mergulhão BENM1209   Livro Sem mensagem